Skip to main content
Your cart is empty.
Your lists
Log in to create your own lists
Your cookies
العربية
English
العربية
Home
Search
Advanced search
Authority search
About
The noble scholar, jurist, historian
His Excellency Dr. Abdul Wahhab bin Ibrahim Abu Sulaiman, may Allah have mercy on him.
He was born in Umm Al-Qura in the year 1356 AH.
Library catalog
Title
Author
Subject
ISBN
ISSN
Series
Call number
Log in to your account
×
Login:
Password:
Home
MARC view: في قلب نجد والحجاز :
Normal view
MARC view
ISBD view
في قلب نجد والحجاز : (Record no. 8097)
[
view plain
]
MARC details
000 -LEADER
fixed length control field
02054cam a2200373 i 4500
003 - CONTROL NUMBER IDENTIFIER
control field
SA-RiAUC
005 - DATE AND TIME OF LATEST TRANSACTION
control field
20250519094425.0
008 - FIXED-LENGTH DATA ELEMENTS--GENERAL INFORMATION
fixed length control field
250516s1997 ua g 00010 ara c
020 ## - INTERNATIONAL STANDARD BOOK NUMBER
International Standard Book Number
9775250161
040 ## - CATALOGING SOURCE
Original cataloging agency
SA-RiAUC
Language of cataloging
ara
Transcribing agency
SA-RiAUC
Description conventions
rda
043 ## - GEOGRAPHIC AREA CODE
Geographic area code
a-su---
--
a-ap----
082 04 - DEWEY DECIMAL CLASSIFICATION NUMBER
Classification number
915.3104
Assigning agency
SA-RiAUC
090 ## - LOCALLY ASSIGNED LC-TYPE CALL NUMBER (OCLC); LOCAL CALL NUMBER (RLIN)
Classification number (OCLC) (R) ; Classification number, CALL (RLIN) (NR)
915.3104
Local cutter number (OCLC) ; Book number/undivided call number, CALL (RLIN)
م ص ط
100 1# - MAIN ENTRY--PERSONAL NAME
Personal name
مصطفى، محمد شفيق.
Relator term
مؤلف.
245 10 - TITLE STATEMENT
Title
في قلب نجد والحجاز :
Remainder of title
سلسلة مقالات سياسية، اجتماعية، دينية، تتضمن حقائق ومشاهدات في قلب الجزيرة العربية /
Statement of responsibility, etc.
بقلم محمد شفيق مصطفى.
264 #1 - PRODUCTION, PUBLICATION, DISTRIBUTION, MANUFACTURE, AND COPYRIGHT NOTICE
Place of production, publication, distribution, manufacture
القاهرة :
Name of producer, publisher, distributor, manufacturer
مكتبة الثقافة الدينية،
Date of production, publication, distribution, manufacture, or copyright notice
1997
300 ## - PHYSICAL DESCRIPTION
Extent
72 صفحة ؛
Dimensions
24 سم
336 ## - CONTENT TYPE
Content type term
نص
Content type code
txt
Source
rdacontent
Materials specified
كتاب
337 ## - MEDIA TYPE
Media type term
بدون وسيط
Media type code
n
Source
rdamedia
338 ## - CARRIER TYPE
Carrier type term
مجلد
Carrier type code
nc
Source
rdacarrier
500 ## - GENERAL NOTE
General note
سلسلة مقالات سياسية اجتماعية دينية.
651 #7 - SUBJECT ADDED ENTRY--GEOGRAPHIC NAME
Geographic name
الحجاز (السعودية)
General subdivision
وصف ورحلات
Form subdivision
مقالات ومحاضرات
Source of heading or term
aucsh
651 #7 - SUBJECT ADDED ENTRY--GEOGRAPHIC NAME
Geographic name
الحجاز (السعودية)
General subdivision
أحوال اجتماعية
Form subdivision
مقالات ومحاضرات
Source of heading or term
aucsh
651 #7 - SUBJECT ADDED ENTRY--GEOGRAPHIC NAME
Geographic name
نجد (السعودية)
General subdivision
وصف ورحلات
Form subdivision
مقالات ومحاضرات
Source of heading or term
aucsh
651 #7 - SUBJECT ADDED ENTRY--GEOGRAPHIC NAME
Geographic name
نجد (السعودية)
General subdivision
أحوال اجتماعية
Form subdivision
مقالات ومحاضرات
Source of heading or term
aucsh
651 #7 - SUBJECT ADDED ENTRY--GEOGRAPHIC NAME
Geographic name
شبه الجزيرة العربية
General subdivision
أحوال اجتماعية
Form subdivision
مقالات ومحاضرات
Source of heading or term
aucsh
651 #7 - SUBJECT ADDED ENTRY--GEOGRAPHIC NAME
Geographic name
نجد (السعودية)
General subdivision
تاريخ
Form subdivision
مقالات ومحاضرات
Source of heading or term
aucsh
651 #7 - SUBJECT ADDED ENTRY--GEOGRAPHIC NAME
Geographic name
الحجاز (السعودية)
General subdivision
تاريخ
Form subdivision
مقالات ومحاضرات
Source of heading or term
aucsh
651 #7 - SUBJECT ADDED ENTRY--GEOGRAPHIC NAME
Geographic name
شبه الجزيرة العربية
General subdivision
تاريخ
Form subdivision
مقالات ومحاضرات
Source of heading or term
aucsh
651 #7 - SUBJECT ADDED ENTRY--GEOGRAPHIC NAME
Geographic name
شبه الجزيرة العربية
General subdivision
وصف ورحلات
Form subdivision
مقالات ومحاضرات
Source of heading or term
aucsh
942 ## - ADDED ENTRY ELEMENTS (KOHA)
Source of classification or shelving scheme
Dewey Decimal Classification
Koha item type
Books
Suppress in OPAC
No
949 ## - LOCAL PROCESSING INFORMATION (OCLC)
a
SA-JeALM
d
250516
u
mohamedma123
n
1
Holdings
Withdrawn status
Lost status
Source of classification or shelving scheme
Damaged status
Not for loan
Home library
Current library
Date acquired
Total checkouts
Full call number
Barcode
Date last seen
Price effective from
Koha item type
Dewey Decimal Classification
DR AbdElwahab Library
DR AbdElwahab Library
05/19/2025
915.3104 م ص ط
000013268
05/19/2025
05/19/2025
Books
Dewey Decimal Classification
DR AbdElwahab Library
DR AbdElwahab Library
06/17/2025
915.3104 م ص ط
000014814
06/17/2025
06/17/2025
Books
Place hold
Print
Add to your cart
(remove)
Save record
BIBTEX
Dublin Core
MARCXML
MARC (non-Unicode/MARC-8)
MARC (Unicode/UTF-8)
MARC (Unicode/UTF-8, Standard)
MODS (XML)
RIS
ISBD
More searches
Search for this title in:
Other Libraries (WorldCat)
Other Databases (Google Scholar)
Online Stores (Bookfinder.com)
Open Library (openlibrary.org)
Exporting to Dublin Core...
×
Simple DC-RDF
OAI-DC
SRW-DC